| 000 | 00665nam a2200217 a 4500 | ||
|---|---|---|---|
| 005 | 20231128063551.0 | ||
| 008 | 041008s2001 mx r 000 0 spa d | ||
| 020 | _a9701867947 | ||
| 035 | _aUPN01000135501 | ||
| 049 | _aI | ||
| 050 | 4 |
_aLB1578.4 H4 _bV4.7 |
|
| 245 | 0 | 0 | _aVersos, arrullos y canciones. |
| 260 |
_aMéxico : _bSEP, Consejo Nacional de Fomento Educativo, _c2001. |
||
| 300 |
_a99 p. : _bil. col. |
||
| 440 | 0 | _aHacedores de las palabras | |
| 500 | _aTexto bilingüe | ||
| 650 | 4 |
_aIndígenas de México _xVida social y costumbres _95132 |
|
| 650 | 4 |
_aINDIOS - _xLITERATURA JUVENIL |
|
| 650 | 4 |
_aNIÑOS COMO AUTORES _910037 |
|
| 905 | _aInfantil | ||
| 999 |
_c107652 _d107652 |
||